• 首页
  • 本馆介绍
  • 公告通知
  • 最新文献
  • 馆藏检索
  • 电子资源
  • 读者导购
  • 参考咨询
  • 我的图书馆
  • 登录
  • 详细信息显示
  • 放入我的书架
  • 预约/预借图书
  • 作者相关作品
  • 分类相关作品
  • 丛书相关作品
  • 出版社相关作品

书目信息

  • 表格格式
  • 工作单格式
  • 卡片格式
题名:
钢铁工业用水定额
    
 
作者: 舒红英 , 丁教 , 张继群 主编
分册:  
出版信息: 北京   中国标准出版社  2014.06
页数: 120页
开本: 21cm
丛书名:
单 册:
中图分类: TU991.31
科图分类:
主题词: 给水工程:市政工程--化学实验--高等学校--教材 , 化学实验 , 城市供水系统
电子资源:
ISBN: 978-7-5019-6533-5
000 00873nam0 2200265 450
001 3478
005 20160927091357.60
010    @a978-7-5019-6533-5@b平装@dCNY26.00
100    @a20081023d2014 em y0chiy50 ea
101 0  @achi
102    @aCN@b110000
105    @aa z 000yy
200 1  @a钢铁工业用水定额@Agang tie gong ye yong shui ding e@9ying yong hua xue zong he shi yan@f张继群@Fzhang ji qun
210    @a北京@c中国标准出版社@d2014.06
215    @a120页@c图@d21cm
330    @a钢铁工业·工业用水·用水量·定额·中国
606 0  @a给水工程:市政工程@x化学实验@x高等学校@j教材
606 0  @a化学实验
606 0  @a城市供水系统
690    @aTU991.31@v4
701  0 @a舒红英@9shu hong ying@c(女,@f1965~)@4主编
701  0 @a丁教@9ding jiao@4主编
701  0 @a张继群@Azhang ji qun
801  0 @aCN@b唐山师范学院图书馆@c20151001
905    @aZUCC@dTU991.31@e844
    
    钢铁工业用水定额/张继群.-北京:中国标准出版社,2014.06
    120页:图;21cm
    
    
    ISBN 978-7-5019-6533-5(平装):CNY26.00
    钢铁工业·工业用水·用水量·定额·中国
●
相关链接 在E读中查询图书 在五车中查询图书 在当当中查询图书 在豆瓣中查询图书


正题名:钢铁工业用水定额     索取号:TU991.31/844         预约/预借

序号 登录号 条形码 馆藏地/架位号 状态 备注
1 904931   209049313   第二样本阅览室/ [索取号:TU991.31/844] 在馆    
2 904932   209049322   第三借阅区/ [索取号:TU991.31/844] 在馆    
3 904933   209049331   第三借阅区/ [索取号:TU991.31/844] 在馆    
4 904934   209049340   第三借阅区/ [索取号:TU991.31/844] 在馆    
5 904935   209049359   第三借阅区/ [索取号:TU991.31/844] 在馆    
唐山师范学院图书馆 欢迎您!
大连网信软件有限公司© 版权所有